Oldest Universities in the World - Statistics

General Stats
  • This quiz has been taken 110 times
  • The average score is 4 of 10
Answer Stats
Founded Answer % Correct
1167; UK Oxford
99%
1209; UK Cambridge
94%
1150; France Paris
68%
1088; Italy Bologna
55%
1224; Italy Naples Federico II
39%
1218; Spain Salamanca
29%
1222; Italy Padua
21%
1241; Spain Valladolid
10%
1229; France Toulouse
7%
1240; Italy Siena
6%
No matching quizzes found
Score Distribution
Percent of People with Each Score
Percentile by Number Answered
Your Score History
You have not taken this quiz